Länder der Welt ohne N im Namen - Statistiken

Allgemein
  • Dieses Quiz wurde 635 mal gespielt
  • Das Durchschnittsergebnis liegt bei 39 aus 56
Antwortstatistiken
Hint Antwort % Korrekt
C Chile
92%
Portugal
85%
F Fidschi
84%
H Haiti
83%
I Irak
83%
O Österreich
82%
Peru
81%
U Uruguay
80%
D Dschibuti
79%
Eritrea
79%
Israel
78%
Schweiz
78%
J Jamaika
76%
L Laos
76%
Mali
76%
Paraguay
76%
Südkorea
76%
T Togo
76%
Mexiko
75%
Luxemburg
74%
Costa Rica
73%
Marokko
73%
E Ecuador
72%
Kosovo
72%
Osttimor
72%
P Palau
72%
Türkei
71%
Kuba
70%
Malta
69%
G Gambia
68%
Belize
67%
M Madagaskar
67%
Südafrika
67%
B Bahamas
66%
Lesotho
66%
Belarus
65%
Guatemala
64%
S Sambia
64%
Katar
63%
Kuwait
63%
Tuvalu
62%
K Kambodscha
61%
Malawi
60%
Slowakei
59%
Tschad
59%
Barbados
58%
El Salvador
58%
Kap Verde
58%
Kiribati
58%
Samoa
58%
Liberia
57%
Mauritius
57%
Somalia
55%
Malaysia
52%
Simbabwe
51%
Mosambik
42%
Keine übereinstimmenden Quizze gefunden
Verteilung der Resultate
Anzahl Personen mit jedem Resultat
Perzentil nach korrekt beantworteten Fragen
Ihre Resultats-Entwicklung
Sie haben dieses Quiz noch nicht gespielt